000 00623nam a2200277Ia 4500
005 20260324133343.0
008 008 260324s9999 xx 000 0 eng d
020 _a9780203708637
037 _aEBOOK
040 _aCRL
040 _beng
040 _cCRL
041 _2eng
041 _aeng
084 _qCRL
100 _aBarbara Wooton
_91192778
245 0 _aLament for Economics
260 _bTaylor and Francis
260 _c2003
365 _a
365 _b420
856 _uhttp://www.taylorfrancis.com/books/9780203708637
942 _cEBOOK
999 _c1791722
_d1791722